Повышение энергоэффективности коллекторных электрических машин на стадии проектирования; Электроэнергия: от получения и распределения до эффективного использования

Détails bibliographiques
Parent link:Электроэнергия: от получения и распределения до эффективного использования.— 2006.— С. 143-145
Auteur principal: Бекишев Р. Ф. Рудольф Фридрихович
Autres auteurs: Качин О. С. Олег Сергеевич
Langue:russe
Publié: 2006
Sujets:
Format: Chapitre de livre
KOHA link:https://koha.lib.tpu.ru/cgi-bin/koha/opac-detail.pl?biblionumber=109449

MARC

LEADER 00000naa2a2200000 4500
001 109449
005 20240115102939.0
035 |a (RuTPU)RU\TPU\book\118174 
090 |a 109449 
100 |a 20070208d2006 k y0rusy50 ca 
101 0 |a rus 
102 |a RU 
200 1 |a Повышение энергоэффективности коллекторных электрических машин на стадии проектирования  |f Р. Ф. Бекишев, О. С. Качин 
463 0 |0 (RuTPU)RU\TPU\book\111464  |y 5-94621-086-6  |t Электроэнергия: от получения и распределения до эффективного использования  |o материалы Всероссийской научно-технической конференции, 17-19 мая 2006 г., Томск  |f Томский политехнический университет; Московский энергетический институт (технический университет); под ред. Б. И. Кудрина  |v С. 143-145  |d 2006  |p 162 с. 
610 1 |a электрические машины 
610 1 |a эффективность 
610 1 |a проектирование 
610 1 |a коллекторные электрические машины 
610 1 |a КПД 
610 1 |a энергетическая эффективность 
610 1 |a труды учёных ТПУ 
700 1 |a Бекишев  |b Р. Ф.  |c специалист в области электротехники  |c профессор Томского политехнического университета, доктор технических наук  |f 1940-2010  |g Рудольф Фридрихович  |3 (RuTPU)RU\TPU\pers\19768 
701 1 |a Качин  |b О. С.  |c специалист в области электротехники  |c доцент Томского политехнического университета, кандидат технических наук  |f 1982-  |g Олег Сергеевич  |3 (RuTPU)RU\TPU\pers\27695  |9 12769 
801 1 |a RU  |b 63413507  |c 20070208  |g PSBO 
801 2 |a RU  |b 63413507  |c 20191224  |g PSBO 
942 |c BK